00454 2200181 4500001002100000005001500021035002000036245002300056100001400079300002800093260004700121082000800168084001400176020002200190600000900212008003900221990001200260INLIS00000000000150120241214122239 a0010-11240000241 aKomet /cTere Liye0 aTere Liye a374 hlm ;c13,5 x 20 cm aJakarta :bPT. Sabak Grip Nusantara,c2023 a813 a813 TER k a978-623-998-781-7 4aTere241214 | | |  a0754526